书目信息 |
| 题名: |
商务决策会计
|
|
| 作者: | 颜世谦 主编 | |
| 分册: | ||
| 出版信息: | 长沙 中南工业大学出版社 1997.08 |
|
| 页数: | 276页 | |
| 开本: | 32开 | |
| 丛书名: | ||
| 单 册: | ||
| 中图分类: | F234 | |
| 科图分类: | ||
| 主题词: | 会计 | |
| 电子资源: | ||
| ISBN: | 7-81020-995-7 | |
| 000 | 00540nam0 2200193 45 | |
| 001 | 0007241526 | |
| 005 | 20000724155651.8 | |
| 010 | @a7-81020-995-7@d12.00元 | |
| 100 | @a20000724d1997 km y0chiy0120 ea | |
| 101 | 0 | @achi |
| 105 | @a z 000yy | |
| 200 | 1 | @a商务决策会计@AShang Wu Jue Ce Kuai Ji@f颜世谦主编@FYan Shi Qian Zhu Bian |
| 210 | @a长沙@c中南工业大学出版社@d1997.08 | |
| 215 | @a276页@d32开 | |
| 606 | 0 | @a会计 |
| 690 | @aF234@v3 | |
| 701 | 0 | @a颜世谦@4主编 |
| 801 | @aCN@bPftUser@c20000724 | |
| 905 | @b76509-511@dF234@eY461@f3 | |
| 商务决策会计/颜世谦主编.-长沙:中南工业大学出版社,1997.08 |
| 276页;32开 |
| ISBN 7-81020-995-7:12.00元 |
| ● |
| 相关链接 |
|
|
|
正题名:商务决策会计
索取号:F234/Y461
 
预约/预借
| 序号 | 登录号 | 条形码 | 馆藏地/架位号 | 状态 | 备注 |
| 1 | 76509 | 200765092 | 社科库409/409社科库 77排1列3层/ [索取号:F234/Y461] | 在馆 | |
| 2 | 76510 | 200765109 | 社科库409/409社科库 77排1列3层/ [索取号:F234/Y461] | 在馆 | |
| 3 | 76511 | 200765118 | 社科库409/409社科库 77排1列3层/ [索取号:F234/Y461] | 在馆 |